Normal view
MARC view
Entry Personal Name
001 - CONTROL NUMBER
- control field: 44786
003 - CONTROL NUMBER IDENTIFIER
- control field: ARRUPE
005 - DATE AND TIME OF LATEST TRANSACTION
- control field: 20190219122721.0
008 - FIXED-LENGTH DATA ELEMENTS
- fixed length control field: 190219|| aca||aabn | a|a d
040 ## - CATALOGING SOURCE
- Original cataloging agency: ARRUPE
- Transcribing agency: ARRUPE
100 ## - HEADING--PERSONAL NAME
- Personal name: Morrison, A.Norton, J
670 ## - SOURCE DATA FOUND
- Source citation: Work cat.: (ARRUPE)20491: Esat, R 44785, Get sharp, 1990